000 00308nam a2200109Ia 4500
008 200302s9999 xx 000 0 und d
100 _aCouncil of Architecture
245 _aArchiving 10 Architectural Thesis
260 _bNational Instiute for Advanced studies in Architecture
260 _c2011
300 _a162
999 _c3416
_d3416